Propuesta de intervención urbano arquitectónica en calle principal Altamira, Managua, Nicaragua.

El siguiente trabajo monográfico desarrolla una propuesta de intervención urbano arquitectónica definiendo los alcances de los proyectos de intervención urbana, mediante un diagnóstico de las potencialidades y restricciones en el tramo estudiado.

Bibliographic Details
Main Authors: Gómez Montenegro, Manuel Antonio, Martínez Valerio, Otto
Other Authors: Tutor: Traña Padilla, Karen Astrid
Format: Tesis Section = Libro
Language:Undetermined
Spanish
Published: Managua UNI 2023
Subjects:
LEADER 01174nam a2200289Ia 4500
008 240830s9999 xx 000 0 und d
040 |a BIBLIOTECA-RUSB/ Mon 711.4 G633m 
041 |a spa 
082 |a Mon 711.4 G633m 
100 1 |a Gómez Montenegro, Manuel Antonio 
100 1 |b Martínez Valerio, Otto 
245 1 0 |a Propuesta de intervención urbano arquitectónica en calle principal Altamira, Managua, Nicaragua. 
260 |a Managua   |b UNI  |c 2023 
300 |a 114 p. :il. 
500 |a Contiene: anexos y CD 
502 |a Tesis (Arquitecto) - UNI, 2023. 
520 3 |a El siguiente trabajo monográfico desarrolla una propuesta de intervención urbano arquitectónica definiendo los alcances de los proyectos de intervención urbana, mediante un diagnóstico de las potencialidades y restricciones en el tramo estudiado. 
650 7 |a PLANIFICACION URBANA 
650 7 |b  DESARROLLO URBANO 
650 7 |c  URBANISMO 
650 7 |d  PLANIFICACION DEL ESPACIO URBANO 
650 7 |e  DISEÑO ARQUITECTONICO 
650 7 |f  ARQUITECTURA-DISEÑOS Y PLANOS 
700 1 |a Tutor:  |b Traña Padilla, Karen Astrid  
942 |c BK  |2 ddc 
991 |a TESIS 
999 |c 27782